All Celebrities who had WrestleMania Matches - Statistics

General Stats
  • This quiz has been taken 239 times
  • The average score is 11 of 16
Answer Stats
Wrestlemania Opponent Celebrity % Correct
WrestleMania 39 The Miz (in an improvised match) Snoop Dogg
87%
WrestleMania I Rowdy Roddy Piper & Mr. Wonderful Paul Orndorff Mr. T
86%
WrestleMania II Rowdy Roddy Piper Mr. T
86%
WrestleMania 38 Rey & Dominik Mysterio Logan Paul
84%
WrestleMania 39 Seth Rollins Logan Paul
84%
WrestleMania XXIV Big show in a No DQ Match Floyd Mayweather
79%
WrestleMania 38 Sami Zayn in an Anything Goes match Johnny Knoxville
72%
WrestleMania 38 Austin Theory and then Vince McMahon Pat McAfee
72%
WrestleMania 39 The Miz Pat McAfee
72%
WrestleMania 37 The Miz and John Morrison Bad Bunny
67%
WrestleMania XI Bam Bam Bigelow Lawrence Taylor
67%
WrestleMania 32 20 man Andre the Giant Memorial Battle Royale Shaquille O'Neill
63%
WrestleMania XXVII Dolph Ziggler, Layla, and Michelle McCool Nicole "Snooki" Polizzi
54%
WrestleMania XV Bart Gunn in the Brawl for All Final Butterbean
49%
WrestleMania 21 Big Show in a Sumo Match Akebono
41%
WrestleMania XXVII Eve Torres and Beth Phoenix Maria Menounos
33%
No matching quizzes found
Score Distribution
Percent of People with Each Score
Percentile by Number Answered
Your Score History
You have not taken this quiz